Представление документа в формате RUSMARC

ПолеНазваниеЗначение
  Тип записи a
  Библиографический уровень a
001 Контрольный номер RU/CBS_UL/BASE/677856763
005 Дата корректировки 20250122233010.7
100 Данные общей обработки __
a Данные общей обработки 20210624d2021 ||| 0rusy0189 ca
101 Язык документа 0_
a Язык текста rus
102 Страна публикации __
a Страна публикации RU
105 Кодированные данные (монография) __
a Кодированные данные (монография) y###||||000|y
181 Поле кодированных данных: вид содержания _1
a Код вида содержания (ISBD) i#
b Код характеристики содержания (ISBD) #xxe##
d i
g x
h x
i e
2 Код системы (источник кода, отличный от ISBD) isbdcontent
182 Поле кодированных данных: тип средства _1
a Код типа средства (ISBD) n
2 Код системы (источник кода, отличный от ISBD) isbdmedia
200 Заглавие и сведения об ответственности 1_
a Заглавие "Бездарности нет. Есть лень"
b Общее обозначение материала Текст
e Сведения, относящиеся к заглавию [беседа с певицей Ж. Бичевской о талантах и об искусстве]
f Первые сведения об ответственности О. Шаблинская
w Текст (визуальный) : непосредственный
203 Вид содержания и тип средства __
a Вид содержания Текст
b Характеристика содержания визуальный
c Тип средства непосредственный
333 Примечание о целевом назначении __
a Примечание о целевом назначении 16+
461 Уровень набора _0
1 2000
a Аргументы и факты
463 Уровень физической единицы _0
1 001RU/CBS_UL/BASE/677773453
1 2000
a № 25 (23-29 июня)
v С. 19 : фот.
1 210
d 2021
600 Персоналии _0
a Персоналии (Фамилия) Бичевская
b Персоналии (Имя, инициалы) Ж.В.
606 Тематические рубрики 0_
a Основная рубрика Бичевская, Жанна Владимировна (1944)
610 Ключевые слова 0_
a Ключевые слова певицы
a Ключевые слова советские певицы
a Ключевые слова российские певицы
a Ключевые слова авторы песен
a Ключевые слова народные артистки РСФСР
686 Индексы других классификаций __
a Классификационный индекс 85.364.1
2 Код системы rubbk
700 Автор _1
a Фамилия Шаблинская
b Имя (инициалы) О.
801 Источник записи _0
a Страна RU
b Организация МБУК ЦБС г. Ульяновска
c Дата составления 20210624
g Правила каталогизации RCR
801 Источник записи _1
a Страна RU
b Организация МБУК ЦБС г. Ульяновска
c Дата составления 20210624
g Правила каталогизации RCR
901 Тип документа __
t Тип документа f
w Контрольный № источника RU/CBS_UL/BASE/677773453
910 Корректоры записи __
a Корректор записи Библиотека 1-2
938 Служебная информация __
a Имя БД period